000
00323nam a2200133Ia 4500
008
240624s9999 xx 000 0 und d
041
_a
eng
082
_a
823 MOR
100
_a
ALBOM MITCH
245
_a
FIVE PEOPLE YOU MEET IN HEAVEN
260
_c
2009
_a
London
_b
Sphere
300
_a
231 : p. : cm. ; 17
365
_c
RS
_b
15
999
_c
14590
_d
14590